Les pires endroits de la région parisienne - Statistiques

Statistiques générales
  • Ce quiz a été pris 231 fois
  • Le résultat moyen est 6 sur 26
Statistiques - réponses
Département Réponse % Correct
93 Saint-Denis
86%
91 Evry
48%
93 Sevran
45%
93 Bobigny
42%
93 Clichy sous bois
34%
93 La Courneuve
31%
91 Grigny
30%
78 Mantes la Jolie
30%
92 Argenteuil
28%
93 Pantin
28%
94 Vitry
26%
78 Trappes
24%
95 Cergy
21%
75 / 18ème adt. La Chapelle
21%
93 Le Blanc Mesnil
17%
93 Noisy-le-Grand
16%
92 Villeneuve la Garenne
14%
78 Les mureaux
13%
93 Montfermeil
12%
94 Choisy
9%
91 Les Ulis
8%
75 / 19ème adt. Place des fêtes
6%
77 Torcy
6%
94 Fontenay sous bois
5%
75 / 20ème adt. La banane
5%
75 / 18ème adt. La goutte d'or
5%
Aucun quiz correspondant
Distribution des résultats
% des personnes avec chaque résultat
Percentile par nombre de réponses
Votre historique - résultats
Vous n’avez pas pris ce quiz